Terezia Vansová: Z fary do školy

Podrobná bibliografia
Médium: Článok
Jazyk:slovenčina
Predmet:

MARC

LEADER 00000nab a22000001a 4500
001 vtls008993653
003 SK-MaSNL
005 20260305005950.0
008 070529d19311015xo |r|p|||| |000 b|slo
015 |a SNBRRBVU1918-1938 
038 |a SNKBUCL 
040 |a SNKBUVU  |b slo  |c SNKBUCL  |e AACR2 
041 0 |a slo 
044 |a xo  |c SK 
080 |a 75.056  |2 1997 
080 |a 821.162.4-32  |2 1997 
245 0 0 |a Terezia Vansová: Z fary do školy 
500 |a V rubrike Literatúra 
600 1 7 |a Vansová, Terézia,  |d 1857-1942  |t Z fary do školy  |2 snkbucl  |9 102186 
600 1 7 |a Benka, Martin,  |d 1888-1971  |2 snkbucl  |9 100354 
650 0 7 |a slovenské novely  |2 snkbucl  |9 383297 
650 0 7 |a ilustrácie  |2 MM  |9 2743 
650 0 7 |a knižné obálky  |2 snkbucl  |9 101948 
655 7 |a recenzie  |2 snkbucl  |9 21907 
773 0 |t Národná škola slovenská  |g Roč. 10, č. 4 (15.10.1931), s. 63 
787 0 8 |i Rec.:  |a Vansová, Terézia, 1857-1942  |t Z fary do školy  |d Praha : Nakladateľstvo Leopolda Mazáča, 1931 
852 |a SNK  |b KIS3GCP 
910 |a snkrbvumm 
958 |a VY 
958 |a LX 
958 |a RC 
999 |c 3243769  |d 3245699